|
|
|
|
| LEADER |
01396nam a2200385 4500 |
| 001 |
on1129385357 |
| 003 |
OCoLC |
| 005 |
20200326101205.0 |
| 006 |
m o d |
| 007 |
cr cnu---unuuu |
| 008 |
191203s2019 enk o 000 0 eng d |
| 040 |
|
|
|a OPELS
|b eng
|e rda
|e pn
|c OPELS
|d UKMGB
|d UKAHL
|d OCLCF
|d GrThAP
|
| 015 |
|
|
|a GBB9G8637
|2 bnb
|
| 016 |
7 |
|
|a 019570143
|2 Uk
|
| 020 |
|
|
|a 9780128186602
|q (print)
|
| 020 |
|
|
|a 9780128186619
|q (ePub ebook)
|
| 020 |
|
|
|a 0128186615
|
| 035 |
|
|
|a (OCoLC)1129385357
|
| 050 |
|
4 |
|a QL495
|
| 082 |
0 |
4 |
|a 571.1/57
|2 23
|
| 245 |
0 |
0 |
|a Advances in insect physiology.
|n Volume 57 /
|c edited by Russell Jurenka.
|
| 264 |
|
1 |
|a London, United Kingdom :
|b Academic Press,
|c 2019.
|
| 300 |
|
|
|a 1 online resource.
|
| 336 |
|
|
|a text
|b txt
|2 rdacontent
|
| 337 |
|
|
|a computer
|b c
|2 rdamedia
|
| 338 |
|
|
|a online resource
|b cr
|2 rdacarrier
|
| 490 |
1 |
|
|a Advances in insect physiology ;
|v 57
|
| 588 |
0 |
|
|a Print version record.
|
| 650 |
|
0 |
|a Insects
|x Physiology.
|
| 650 |
|
7 |
|a Insects
|x Physiology.
|2 fast
|0 (OCoLC)fst00974164
|
| 655 |
|
4 |
|a Electronic books.
|
| 700 |
1 |
|
|a Jurenka, Russell,
|e editor.
|
| 776 |
0 |
8 |
|i Print version:
|t Advances in insect physiology. Volume 57
|z 9780128186602
|w (OCoLC)1122875292
|
| 830 |
|
0 |
|a Advances in insect physiology ;
|v v. 57.
|
| 856 |
4 |
0 |
|3 ScienceDirect
|u https://www.sciencedirect.com/science/bookseries/00652806/57
|z Full Text via HEAL-Link
|